| 000 | 00749nam a2200193 a 4500 | ||
|---|---|---|---|
| 008 | 071102s2002 ||||||||||||||||| || u | ||
| 020 | _a082135180X | ||
| 050 | _aIBRD(058)GS/2002 | ||
| 110 | _aWorld Bank | ||
| 245 | 1 | 0 | _aGuidelines: selection and employment of consultants by the World Bank borrowers |
| 260 |
_aWashington, D. C.: _bWorld Bank _c2002 |
||
| 300 | _avi, 49p. | ||
| 350 | _a0.00 | ||
| 500 | _aJanuary 1997, Revised September 1997, January 1999, and May 2002 | ||
| 650 | _aBUSINESS CONSULTANTS | ||
| 650 | _aCONSULTANTS | ||
| 650 | _aWORLD BANK--CONSULTANTS SERVICES | ||
| 995 |
_D0.00 _FCBU-MAIN LIBRARY (Kitwe) _H1 _I0.00 _M1 _UAVAILABLE _WNov 2, 2007 _ZInternational Publications |
||
| 999 |
_c45190 _d45190 |
||